| 000 | 00563nam a22001817a 4500 | ||
|---|---|---|---|
| 005 | 20170725171350.0 | ||
| 010 | _aENG-119391 | ||
| 020 |
_a9788170547471 _c1500.00 |
||
| 035 | _aEN-102923 | ||
| 037 | _bDBAD/PUB | ||
| 082 | _a338.10954 | ||
| 245 |
_aBaychara Kissan : _c compiled by Randhir Singh _bhapless farmer / |
||
| 260 |
_aNew Delhi _bClassical Publishing Company _c2016 |
||
| 270 |
_a28 Shopping Center Karampura _bNew Delhi _e110015 |
||
| 300 |
_axvi,400p. _c22cm(Hb) |
||
| 700 | _aRandhir Singh | ||
| 942 |
_2ddc _cEN _h338.10954 _mRAN |
||
| 999 |
_c142840 _d142840 |
||